Statistics for Wonky Word Clicking - S

Click here to take the quiz!

General Stats

  • This quiz has been taken 110 times
  • The average score is 12 of 15

Answer Stats

HintAnswer% Correct
Shenanigans
98%
Skedaddle
94%
Schadenfreude
91%
Skullduggery
90%
Squeegee
90%
Slipshod
85%
Scuttlebutt
84%
Slapdash
83%
Scalawag
78%
Stumblebum
76%
Svengali
73%
Succotash
67%
Snickersnee
60%
Snollygoster
50%
Slubberdegullion
43%

Score Distribution

Percentile by Number Answered

Percent of People with Each Score

Your Score History

You have not taken this quiz